Kraje z ograniczoną możliwością wjazd do DMZ. - Statystyki

Ogólne statystyki
  • Ten quiz został rozwiązany 12 razy
  • Średni wynik to 26 z 47
Statystyki odpowiedzi
# Odpowiedź % Poprawnych
9 Chiny
91%
36 Rosja
91%
8 Białoruś
82%
35 Pakistan
82%
2 Albania
73%
17 Iran
73%
1 Afganistan
64%
4 Arabia Saudyjska
64%
5 Azerbejdżan
64%
7 Bangladesz
64%
14 Indie
64%
15 Indonezja
64%
16 Irak
64%
18 Jemen
64%
21 Kazachstan
64%
22 Kirgistan
64%
23 Korea Północna
64%
30 Malezja
64%
41 Tadżykistan
64%
43 Turkmenistan
64%
44 Ukraina
64%
46 Wietnam
64%
10 Egipt
55%
20 Katar
55%
27 Libia
55%
34 Oman
55%
39 Syria
55%
40 Tajwan
55%
42 Tunezja
55%
45 Uzbekistan
55%
47 Zjednoczone Emiraty Arabskie
55%
3 Algieria
45%
6 Bahrajn
45%
11 Estonia
45%
12 Gruzja
45%
26 Liban
45%
28 Litwa
45%
29 Łotwa
45%
32 Mołdawia
45%
33 Nigeria
45%
19 Jordania
36%
24 Kuba
36%
25 Kuwejt
36%
31 Maroko
36%
37 Somalia
36%
38 Sudan
36%
13 Hong Kong
0%
Nie znaleziono quizów pasujących do podanych kryteriów
Rozkład punktacji
Procent ludzi z każdym wynikiem
Percentyl według liczby udzielonych odpowiedzi
Twoja historia wyników
Nie rozwiązałeś tego quizu